01275nam a2200253Mi 4500001002300000003000700023005001700030007000700047008004100054040003900095035002100134084005000155240003100205245018200236250001400418260004300432300001900475856009600494856010100590942000700691506015000698506015400848999001901002fourtranslationn00newyCaSfIA20210118084353.0cr||||011105s1971 nyu 000 0 eng d aGyGoGBVerakwbbgercGBVCPdCaSfIA a(OCoLC)248781823 a11.31 ; Bibeltext ; Bibelübersetzungen2bcc10aTestamentum novum .04aThe four translation New Testament :h[electronic resource] bKing James, New American standard Bible, Williams - In the language of the people, Beck - In the language of today. a2. print. aNew York :bIversen Associates,c1971. aXXVIII, 739 S.41uhttp://www.archive.org/details/fourtranslationn00newyzFree eBook from the Internet Archive42uhttp://www.openlibrary.org/books/OL24384751MzAdditional information and access via Open Library cEB fНеобхідна авторизація на https://archive.org/ (створення облікового запису безкоштовно) fНеобхідна авторизація на https://openlibrary.org/ (створення облікового запису безкоштовно) c498519d498519